Ehe, Buße und Weihe - Statistiken

Allgemein
  • Dieses Quiz wurde 112 mal gespielt
  • Das Durchschnittsergebnis liegt bei 4 aus 7
Antwortstatistiken
Fragen Antworten % Korrekt
Zu welchem Amt kann ein Mann sonst noch geweiht werden? zum Priester
88%
Wer außer dem Gläubigen und dem Priester kenn das Geheimnis der Beichte? nur Gott
86%
Wer ist der einzige, der andere weihen kann? der Bischof
73%
Wie wird eine Hochzeit noch genannt? Trauung
43%
Wer soll vor allem den Armen und Kranken helfen? der Diakon
37%
Was sollen katholische Eheleute ihren Kindern beibringen? den katholischen Glauben
22%
Wer muss bei einer kirchlichen Trauung immer dabei sein? ein Diakon oder Priester
16%
Keine übereinstimmenden Quizze gefunden
Verteilung der Resultate
Anzahl Personen mit jedem Resultat
Perzentil nach korrekt beantworteten Fragen
Ihre Resultats-Entwicklung
Sie haben dieses Quiz noch nicht gespielt